000 01148nam a22002897a 4500
999 _c120140
_d120140
003 dpl
005 20190226130552.0
008 190226b ||||| |||| 00| 0 eng d
010 _aB-140512
020 _c300.00
_a8181660285
035 _aB-140512, B-140517
037 _bCen Lib/Ret
040 _aDPL
_bHN
_c0
082 _a780.92
_bपोतदा
100 _aपोतदार, वसंत
_988727
245 _aकुमार गन्धर्व /
_cवसत पोतदार
246 _aKumar gandharv /
_bby Vasat Potadar
260 _bमेधा बुक्स
_aदिल्ली
_c2004
270 _aएक्स-, नवीन शाहदरा
_bदिल्ली
_e110032
300 _a189पृ.
_c21सेमी (सजिल्द)
500 _aपरिशिष्ट शामिल
650 _aकुमार गंधर्व, - 1924-1992।
_988728
650 _aगायक - भारत - जीवनी
_96720
650 _aKumāra Gandharva, -- 1924-1992
_988729
650 _a Singers -- India -- Biography
_988730
942 _2ddc
_cHN
_h780.92
_mपोतदा